| 000 | 00484nam a2200181Ia 4500 | ||
|---|---|---|---|
| 005 | 20250326143510.0 | ||
| 008 | 250326s9999 xx 000 0 und d | ||
| 037 | _aTextbook | ||
| 040 |
_aFMSL _beng _cFMSL |
||
| 041 |
_aeng _2eng |
||
| 084 |
_aX:74 P4 _qFMSL |
||
| 100 | _aChaturvedi D D | ||
| 245 | 0 |
_aBusiness economics _cChaturvedi D D; Gupta S L |
|
| 260 |
_aDelhi _bDelhi, Brijwasi _c2004 |
||
| 300 | _a706p | ||
| 942 |
_cTB _hX:74 P4 |
||
| 999 |
_c1299824 _d1299824 |
||